000 00565nam a2200133Ia 4500
008 100328s9999 xx 000 0 und d
082 _b59258
100 _aपारखे सौरभ.
245 _aअॅन अॅडजेस्टमेंट (संमिश्र एकांकिका).
260 _bआभा.
630 _aअॅन अॅडजेस्टमेंट (संमिश्र एकांकिका).
730 _aअॅन अॅडजेस्टमेंट (संमिश्र एकांकिका).
942 _cBOOK
999 _c545503
_d545500